| 000 | 00512nam a2200181Ia 4500 | ||
|---|---|---|---|
| 999 |
_c13971 _d13971 |
||
| 003 | OSt | ||
| 005 | 20201023131846.0 | ||
| 008 | 190216s9999||||xx |||||||||||||| ||und|| | ||
| 020 | _a0006545858 | ||
| 040 | _coclc | ||
| 082 |
_a813.52 _bMIL/C |
||
| 100 |
_aMiller, Henry _95566 |
||
| 245 | 0 |
_aCrazy Cock / _cHenry Miller |
|
| 260 |
_bFlamingo Harper Collins Publishers , _c1991. _aLondon: |
||
| 300 | _a202p | ||
| 650 | _aEnglish Novel | ||
| 942 |
_cBK _2ddc _h813.52 _iMIL/C _k813.52 _mMIL/C |
||